Assainissement des villes (Record no. 52698)

MARC details
000 -LEADER
campo de control de longitud fija 00552nam a2200181 i 4500
001 - NÚMERO DE CONTROL
campo de control 52698
003 - IDENTIFICADOR DE NÚMERO DE CONTROL
campo de control ES-MaACL
005 - FECHA Y HORA DE LA ÚLTIMA TRANSACCIÓN
campo de control 20230906162629.0
007 - CAMPO FIJO DE DESCRIPCIÓN FÍSICA--INFORMACIÓN GENERAL
campo de control de longitud fija t|
008 - DATOS DE LONGITUD FIJA--INFORMACIÓN GENERAL
campo de control de longitud fija 030903m19051996fr ||||1| fre d
100 1# - ENTRADA PRINCIPAL--NOMBRE DE PERSONA
Nombre de persona Debauve, Alphonse.
9 (RLIN) 43112
245 10 - MENCIÓN DEL TÍTULO
Título Assainissement des villes
Resto del título : distributions d'eau /
Mención de responsabilidad, etc. par A. Debaueve ; Ed. Imbeaux.
250 ## - MENCION DE EDICION
Mención de edición 3e ed.
260 ## - PUBLICACIÓN, DISTRIBUCIÓN, ETC.
Lugar de publicación, distribución, etc. Paris :
Nombre del editor, distribuidor, etc. H. Dunod,
Fecha de publicación, distribución, etc. 1905-06 (
Lugar de fabricación/manufactura Tours :
Fabricante Deslis)
300 ## - DESCRIPCIÓN FÍSICA
Extensión 4 v. ;
Dimensiones 24 y 32 cm.
700 1# - ENTRADA AGREGADA--NOMBRE PERSONAL
Nombre de persona Imbeaux, Edouard (
Fechas asociadas al nombre 1861-1943)
9 (RLIN) 152992
852 ## - LOCALIZACIÓN
Ubicación ES-MaACL
Número de control de estantería G-5768-71
Holdings
Estatus retirado Estado de pérdida Estado de daño No para préstamo Biblioteca de origen Biblioteca actual Ubicación en estantería Fecha de adquisición Fuente de adquisición Total de préstamos Signatura topográfica completa Código de barras Visto por última vez Precio de reemplazo Tipo de ítem Koha
        Biblioteca del Ateneo de Madrid Biblioteca del Ateneo de Madrid Depósito 2 17/01/2008     G-5768-71 1055386 23/02/2023 23/02/2023 Libro impreso